[Event "10eme Open International de La Fere"]
[Site "La Fere (FRA)"]
[Date "2011.07.02"]
[Round "1.33"]
[White "Van Poucke, Anthony"]
[Black "Menjour, Mohamed"]
[Result "0-1"]
[WhiteElo "1599"]
[BlackElo "1770"]
[PlyCount "88"]
[EventDate "2011.??.??"]

1. e4 c6 2. d4 d5 3. e5 Bf5 4. Bd3 Bg6 5. Bxg6 hxg6 6. Qd3 e6 7. Nf3 Nd7 8. Ng5
Qe7 9. Nf3 O-O-O 10. Bg5 f6 11. exf6 gxf6 12. Bf4 Qf7 13. Qc3 Bg7 14. Na3 e5
15. Bg3 Nh6 16. O-O-O Nf5 17. dxe5 Nxg3 18. hxg3 fxe5 19. Nb5 Kb8 20. Nd6 Qf8
21. Qb4 Nb6 22. Rxh8 Bxh8 23. Ng5 Rxd6 24. Nf7 Rd8 25. Qh4 Rc8 26. Qh7 Qg7 27.
Rh1 Qxh7 28. Rxh7 Bf6 29. Nd6 Rf8 30. Rxb7+ Ka8 31. f3 Nc4 32. Rd7 Rd8 33.
Rxd8+ Bxd8 34. Nxc4 dxc4 35. Kd2 Bg5+ 36. Kc3 Bc1 37. Kxc4 Bxb2 38. Kc5 Kb7 39.
a4 Kc7 40. Kb4 Kd6 41. Kc4 a5 42. g4 Bc1 43. c3 Bf4 44. Kd3 Kc5 0-1

[Event "10eme Open International de La Fere"]
[Site "La Fere (FRA)"]
[Date "2011.07.02"]
[Round "1.34"]
[White "De Brouwere, Johan"]
[Black "Delias, Gerard"]
[Result "1/2-1/2"]
[WhiteElo "1768"]
[BlackElo "1580"]
[PlyCount "106"]
[EventDate "2011.??.??"]

1. Nf3 c5 2. d4 cxd4 3. Nxd4 Nf6 4. c4 Nc6 5. Nc3 e6 6. a3 d5 7. Bf4 Bd6 8. e3
Bxf4 9. exf4 O-O 10. g3 Qb6 11. Nxc6 Qxc6 12. cxd5 exd5 13. Bb5 Qe6+ 14. Qe2
Qh3 15. Qf1 Qh5 16. Be2 Bg4 17. f3 Bh3 18. Qf2 Qh6 19. O-O-O Rac8 20. Qd4 Be6
21. g4 Nd7 22. Kb1 f5 23. Nxd5 Rfe8 24. Bd3 fxg4 25. f5 Bf7 26. fxg4 Ne5 27.
Nc3 Rcd8 28. Qe4 Nxd3 29. Rxd3 Rxd3 30. Qxd3 Qc6 31. Rd1 h6 32. h4 Bb3 33. Rd2
Qh1+ 34. Nd1 Bxd1 35. Rxd1 Qxh4 36. Qd5+ Kh8 37. Qf7 Qe7 38. Rd7 Qxf7 39. Rxf7
Rb8 40. Rd7 Kg8 41. Kc2 a6 42. Kd3 b5 43. b4 Rb6 44. Rd5 Kf7 45. Ke4 Kf6 46.
Kf4 Rc6 47. Re5 Rc4+ 48. Re4 Rxe4+ 49. Kxe4 Kg5 50. Kf3 g6 51. fxg6 Kxg6 52.
Kf4 Kf6 53. Ke4 Ke6 1/2-1/2

[Event "10eme Open International de La Fere"]
[Site "La Fere (FRA)"]
[Date "2011.07.02"]
[Round "1.35"]
[White "Rouffignac, Marie"]
[Black "Brobecker, Alain"]
[Result "0-1"]
[WhiteElo "1568"]
[BlackElo "1757"]
[PlyCount "28"]
[EventDate "2011.??.??"]

1. e4 d5 2. exd5 Nf6 3. d4 Nxd5 4. Nf3 g6 5. Bc4 Bg7 6. Nc3 c6 7. Nxd5 cxd5 8.
Bb5+ Nc6 9. Bf4 Qa5+ 10. c3 Qxb5 11. Qd2 Bf5 12. O-O-O Rc8 13. h4 Nb4 14. b3
Nd3+ 0-1

[Event "10eme Open International de La Fere"]
[Site "La Fere (FRA)"]
[Date "2011.07.02"]
[Round "1.36"]
[White "Galtier, Antoine"]
[Black "Benkirane, Nabil"]
[Result "1-0"]
[WhiteElo "1757"]
[BlackElo "1560"]
[PlyCount "30"]
[EventDate "2011.??.??"]

1. e4 e5 2. Bc4 Nc6 3. Nf3 Nf6 4. d3 Bc5 5. O-O d6 6. Bg5 O-O 7. Nc3 Na5 8. Nd5
Nxc4 9. dxc4 h6 10. Nxf6+ gxf6 11. Bxh6 Re8 12. Nh4 f5 13. Qh5 fxe4 14. Bg5 Qd7
15. Bf6 Qg4 1-0

[Event "10eme Open International de La Fere"]
[Site "La Fere (FRA)"]
[Date "2011.07.02"]
[Round "1.37"]
[White "Soriano, Jean-Claude"]
[Black "Wolfangel, Claude"]
[Result "0-1"]
[WhiteElo "1560"]
[BlackElo "1751"]
[PlyCount "66"]
[EventDate "2011.??.??"]

1. d4 d5 2. Nf3 Nf6 3. e3 Nbd7 4. c4 e6 5. a3 c5 6. Nc3 cxd4 7. Nxd4 a6 8. cxd5
exd5 9. b4 b5 10. Bd3 Ne5 11. e4 Qc7 12. Nxd5 Nxd5 13. exd5 Qc3+ 14. Qd2 Qxd3
15. Qxd3 Nxd3+ 16. Ke2 Nxc1+ 17. Raxc1 Bb7 18. Rhe1 Bd6 19. Kf1+ Kd7 20. Nf5
Rae8 21. Red1 g6 22. Ne3 Bf4 23. Rc3 Bxe3 24. fxe3 Re4 25. Kf2 Rc8 26. Rc5 Rc4
27. Rxc8 Kxc8 28. Rd3 Kd7 29. Kf3 f5 30. h3 Kd6 31. g4 Bxd5+ 32. Kg3 Ke6 33.
gxf5+ gxf5 0-1

[Event "10eme Open International de La Fere"]
[Site "La Fere (FRA)"]
[Date "2011.07.02"]
[Round "1.38"]
[White "Dagnicourt, Francis"]
[Black "Blondel, Francis"]
[Result "1-0"]
[WhiteElo "1729"]
[BlackElo "1541"]
[PlyCount "101"]
[EventDate "2011.??.??"]

1. d4 d5 2. c4 e6 3. Nf3 Nf6 4. e3 Nbd7 5. Bd3 dxc4 6. Bxc4 Nb6 7. Be2 Bb4+ 8.
Bd2 Qe7 9. a3 Bd6 10. Nc3 a6 11. O-O Bd7 12. e4 e5 13. d5 Bg4 14. Nh4 Bxe2 15.
Qxe2 g6 16. Nf3 h6 17. Rac1 g5 18. h3 Qd7 19. Nh2 Na4 20. Nxa4 Qxa4 21. Rc4 Qd7
22. Rfc1 O-O 23. Qf3 Ne8 24. Qh5 Kg7 25. Ng4 Rh8 26. Ne3 Kf8 27. Nf5 Nf6 28.
Qf3 Ne8 29. h4 f6 30. hxg5 hxg5 31. Bxg5 Qh7 32. Bh6+ Kg8 33. Qg4+ Kf7 34. Qh4
Kg8 35. R1c3 Bf8 36. Rg3+ Bg7 37. Rxg7+ Nxg7 38. Ne7+ Kf8 39. Ng6+ Kg8 40. Ne7+
Kf8 41. Nf5 Kg8 42. Qg4 Rc8 43. d6 c6 44. Qxg7+ Qxg7 45. Bxg7 Kf7 46. Bxh8 Rxh8
47. Rc3 Ke6 48. a4 Rc8 49. Rg3 b5 50. Rg7 Re8 51. d7 1-0

[Event "10eme Open International de La Fere"]
[Site "La Fere (FRA)"]
[Date "2011.07.02"]
[Round "1.40"]
[White "Gomes, Alexis"]
[Black "Lapersonne, Patrick"]
[Result "1/2-1/2"]
[WhiteElo "1710"]
[BlackElo "1524"]
[PlyCount "30"]
[EventDate "2011.??.??"]

1. e4 c5 2. Nf3 Nc6 3. d4 cxd4 4. Nxd4 d6 5. Nc3 a6 6. Be3 Nf6 7. Be2 e6 8. g4
h6 9. f3 d5 10. g5 hxg5 11. Bxg5 dxe4 12. Bxf6 Qxf6 13. Nxc6 Qh4+ 14. Kd2 Qf4+
15. Ke1 Qh4+ 1/2-1/2

[Event "10eme Open International de La Fere"]
[Site "La Fere (FRA)"]
[Date "2011.07.02"]
[Round "1.41"]
[White "Duquenne, Eddy"]
[Black "Paillard, Maximilien"]
[Result "0-1"]
[WhiteElo "1523"]
[BlackElo "1703"]
[PlyCount "124"]
[EventDate "2011.??.??"]

1. e4 Nc6 2. Nf3 d5 3. exd5 Qxd5 4. Nc3 Qa5 5. d4 Bg4 6. Be2 O-O-O 7. Be3 Nf6
8. O-O e5 9. d5 Nxd5 10. Nxd5 Qxd5 11. Qxd5 Rxd5 12. Bc4 Bxf3 13. gxf3 Rd7 14.
Rad1 Bd6 15. Kg2 a6 16. c3 Re8 17. Bd3 Ne7 18. Bg5 f6 19. Bh4 g5 20. Bg3 f5 21.
h3 h5 22. Rfe1 f4 23. Bh2 Rf8 24. Be4 c6 25. Rd3 Bc7 26. Red1 Rfd8 27. Rxd7
Rxd7 28. Rxd7 Kxd7 29. Kf1 Ke6 30. Ke2 Nd5 31. Bg6 Nf6 32. Bg1 b5 33. Bc2 c5
34. Be4 Bb6 35. Bc2 Kd5 36. Bb3+ c4 37. Bc2 a5 38. Bf5 b4 39. Kd2 Bc5 40. Bg6
Ke6 41. Bc2 Bd6 42. Ke2 Nd5 43. Kd2 bxc3+ 44. bxc3 Ba3 45. Be4 Nf6 46. Bc6 Kd6
47. Ba8 Nd5 48. Kc2 Nb6 49. Be4 Bc5 50. Kd2 Nd7 51. Bc2 Nf6 52. a4 Bb6 53. Be4
Nxe4+ 54. fxe4 Bc5 55. Ke2 g4 56. hxg4 hxg4 57. Bh2 Ke6 58. Kf1 Kf6 59. Bg1 Kg5
60. f3 Bxg1 61. Kxg1 gxf3 62. Kf2 Kg4 0-1

[Event "10eme Open International de La Fere"]
[Site "La Fere (FRA)"]
[Date "2011.07.02"]
[Round "1.42"]
[White "Vernede, Victor"]
[Black "Podvin, Dominique"]
[Result "1-0"]
[WhiteElo "1702"]
[BlackElo "1499"]
[PlyCount "79"]
[EventDate "2011.??.??"]

1. d4 d5 2. c4 Nf6 3. Nc3 Nc6 4. Nf3 Bg4 5. Bf4 e6 6. e3 Bb4 7. a3 Bxc3+ 8.
bxc3 Ne4 9. Qc2 h6 10. cxd5 Qxd5 11. Bxc7 b6 12. Bd3 Bf5 13. O-O O-O 14. h3 b5
15. Bh2 Rac8 16. Nd2 Nxd2 17. Qxd2 Qb3 18. Rfb1 Qa4 19. Bxb5 Qa5 20. Bd3 Qd8
21. Bxf5 exf5 22. c4 Na5 23. c5 Qd5 24. Qxa5 Rb8 25. Rxb8 Rxb8 26. Bxb8 Qb3 27.
Qb4 Qc2 28. Bxa7 g5 29. Qb1 Qc3 30. Qc1 Qa5 31. Bb6 Qa8 32. c6 Qa6 33. c7 Qxb6
34. c8=Q+ Kg7 35. d5 g4 36. Q1c3+ Kg6 37. Qg8+ Kh5 38. Qxf7+ Kh4 39. g3+ Kg5
40. h4# 1-0

[Event "10eme Open International de La Fere"]
[Site "La Fere (FRA)"]
[Date "2011.07.02"]
[Round "1.43"]
[White "Van Poucke, Guy"]
[Black "Drouin, Philippe"]
[Result "1-0"]
[WhiteElo "1490"]
[BlackElo "1290"]
[PlyCount "45"]
[EventDate "2011.??.??"]

1. e4 e5 2. Nf3 d6 3. d4 Bg4 4. d5 a6 5. h3 Bd7 6. Bd3 c6 7. Nc3 c5 8. O-O Nf6
9. Ne2 b5 10. Ng3 c4 11. Be2 Be7 12. c3 O-O 13. b3 cxb3 14. axb3 a5 15. b4 a4
16. c4 Qe8 17. Bg5 Na6 18. Bxf6 Bxf6 19. cxb5 Bxb5 20. Bxb5 Qxb5 21. Nf5 Rad8
22. Rxa4 g6 23. Nh6+ 1-0

[Event "10eme Open International de La Fere"]
[Site "La Fere (FRA)"]
[Date "2011.07.02"]
[Round "1.44"]
[White "Biellmann, Patrick"]
[Black "Denis, Monique"]
[Result "0-1"]
[WhiteElo "1280"]
[BlackElo "1480"]
[PlyCount "90"]
[EventDate "2011.??.??"]

1. e4 c5 2. Nf3 d6 3. Bc4 h6 4. a3 Nf6 5. d3 e5 6. O-O Be7 7. Re1 O-O 8. c3 Bg4
9. Be3 Nh7 10. h3 Bh5 11. Nbd2 Nc6 12. Qc2 Rb8 13. d4 b5 14. Be2 Bg6 15. d5 Na5
16. b4 Nc4 17. Nxc4 bxc4 18. Bxc4 a5 19. b5 f5 20. Nd2 f4 21. Bxc5 dxc5 22. d6+
Kh8 23. dxe7 Qxe7 24. f3 Ng5 25. Nf1 Qb7 26. a4 Qb6 27. Rad1 Nf7 28. Bxf7 c4+
29. Kh2 Rxf7 30. Qc1 Qf6 31. Qa3 Rb6 32. Rd2 Qh4 33. Rde2 Rff6 34. Qc5 Kh7 35.
Qxe5 Bf7 36. Rd1 g5 37. Rd8 Rbe6 38. Qc7 Kg6 39. Qxa5 g4 40. fxg4 f3 41. g3 Qg5
42. Rf2 Rxe4 43. Qa8 Qc5 44. Rg8+ Kh7 45. Rh8+ Kg7 0-1

[Event "10eme Open International de La Fere"]
[Site "La Fere (FRA)"]
[Date "2011.07.02"]
[Round "1.45"]
[White "Donatini, Adrien"]
[Black "Lepere, Rodrigue"]
[Result "1-0"]
[WhiteElo "1471"]
[BlackElo "1250"]
[PlyCount "62"]
[EventDate "2011.??.??"]

1. e4 e5 2. Nf3 c6 3. c4 Nf6 4. Nc3 Bb4 5. d4 Nxe4 6. Bd2 d5 7. Nxe4 dxe4 8.
Bxb4 exf3 9. dxe5 Qb6 10. Qd2 c5 11. Ba5 Qxa5 12. Qxa5 O-O 13. O-O-O Nc6 14.
Qxc5 Re8 15. gxf3 Rxe5 16. Qxe5 Be6 17. Rg1 Nxe5 18. Be2 Rc8 19. Kb1 g6 20. b3
a6 21. f4 Nc6 22. Bd3 b5 23. f5 Bd7 24. fxg6 fxg6 25. Bxg6 hxg6 26. Rxd7 Ne5
27. Rd6 Kg7 28. f4 Nf7 29. Rxa6 bxc4 30. f5 Rc7 31. bxc4 Ne5 1-0

[Event "10eme Open International de La Fere"]
[Site "La Fere (FRA)"]
[Date "2011.07.03"]
[Round "2.1"]
[White "Peric, Slavisa"]
[Black "Miezis, Normunds"]
[Result "1/2-1/2"]
[WhiteElo "2258"]
[BlackElo "2520"]
[PlyCount "104"]
[EventDate "2011.??.??"]

1. d4 Nf6 2. Nf3 b5 3. Bg5 Ne4 4. Bf4 d5 5. c3 e6 6. e3 a6 7. Nbd2 Bb7 8. Nxe4
dxe4 9. Nd2 Nd7 10. a4 b4 11. a5 Be7 12. Qa4 bxc3 13. bxc3 O-O 14. Rb1 Rb8 15.
Bc4 Nf6 16. O-O Nd5 17. Bxd5 exd5 18. c4 Bd6 19. Bxd6 Qxd6 20. Qb4 Rfc8 21.
cxd5 Qd8 22. Qc5 Bxd5 23. Rxb8 Rxb8 24. Rb1 Rc8 25. h3 h5 26. Nc4 f6 27. Nd2 h4
28. Rc1 Kf7 29. Nb1 Ke6 30. Nc3 g5 31. f3 exf3 32. e4 Ba8 33. gxf3 Kf7 34. Ne2
Qd7 35. Kg2 Kg6 36. d5 Re8 37. Nd4 Qa4 38. Ne6 Qa2+ 39. Qf2 Qxa5 40. Rxc7 Rxe6
41. Rc5 Qb6 42. dxe6 Qxe6 43. Qc2 Bb7 44. e5+ Qf5 45. Qb3 Qf4 46. Qg8+ Kh6 47.
Qh8+ Kg6 48. Qxf6+ Qxf6 49. exf6 Kxf6 50. Kf2 a5 51. Rxa5 Bc8 52. Kg2 Bf5
1/2-1/2

[Event "10eme Open International de La Fere"]
[Site "La Fere (FRA)"]
[Date "2011.07.03"]
[Round "2.3"]
[White "Safranska, Anda"]
[Black "Lazarev, Vladimir"]
[Result "1/2-1/2"]
[WhiteElo "2230"]
[BlackElo "2445"]
[PlyCount "51"]
[EventDate "2011.??.??"]

1. e4 e6 2. d4 d5 3. exd5 exd5 4. Bd3 c6 5. Nf3 Bd6 6. O-O Ne7 7. Re1 O-O 8. c3
Bf5 9. Bxf5 Nxf5 10. Qd3 Ne7 11. Nbd2 Nd7 12. Nf1 h6 13. Be3 Qc7 14. Re2 Ng6
15. Rae1 Rfe8 16. Ng3 Re6 17. Nf5 Bf8 18. Bd2 Rxe2 19. Rxe2 Nf6 20. Ne5 Re8 21.
Nxg6 Rxe2 22. Qxe2 fxg6 23. Ng3 Qe7 24. f3 Qxe2 25. Nxe2 g5 26. Be1 1/2-1/2

[Event "10eme Open International de La Fere"]
[Site "La Fere (FRA)"]
[Date "2011.07.03"]
[Round "2.5"]
[White "Henris, Luc"]
[Black "Houriez, Clement"]
[Result "0-1"]
[WhiteElo "2189"]
[BlackElo "2328"]
[PlyCount "112"]
[EventDate "2011.??.??"]

1. e4 c5 2. c3 d5 3. exd5 Qxd5 4. d4 Nf6 5. Nf3 Bg4 6. dxc5 Qxc5 7. Na3 a6 8.
h3 Bf5 9. Be3 Qc7 10. Nc4 Nbd7 11. Qd4 Rd8 12. O-O-O b5 13. Bf4 Qc8 14. Ne3 Be4
15. Be2 e6 16. Bd6 Nc5 17. Qe5 Bxd6 18. Rxd6 O-O 19. Rhd1 Rxd6 20. Qxd6 Bb7 21.
Nd4 Nfe4 22. Qf4 Re8 23. Qh4 Na4 24. Bd3 Nac5 25. Bc2 Qd8 26. Qxd8 Rxd8 27. f3
Nf6 28. Nb3 Rxd1+ 29. Kxd1 Nxb3 30. Bxb3 Kf8 31. Ke2 Ke7 32. a4 Kd6 33. Kd3 Nd7
34. axb5 Nc5+ 35. Kc2 axb5 36. Ba2 f6 37. b4 Na6 38. Kd2 g5 39. Bb1 h5 40. Bg6
h4 41. Bd3 Bc6 42. Nc2 Nc7 43. Na3 f5 44. c4 bxc4 45. Nxc4+ Kd5 46. Na3 Kd4 47.
b5 Bd5 48. b6 Na8 49. Nc4 Kc5 50. Ne3 Nxb6 51. Bxf5 exf5 52. Nxf5 Be6 53. Ng7
Kd5 54. Ke2 Ke5 55. Kf2 Bf7 56. g4 Nd5 0-1

[Event "10eme Open International de La Fere"]
[Site "La Fere (FRA)"]
[Date "2011.07.03"]
[Round "2.6"]
[White "Piankov, Evgenij"]
[Black "Schartz, Alain"]
[Result "1-0"]
[WhiteElo "2327"]
[BlackElo "2172"]
[PlyCount "91"]
[EventDate "2011.??.??"]

1. d4 Nf6 2. e3 d5 3. Bd3 c5 4. c3 cxd4 5. cxd4 Nc6 6. Nf3 e6 7. O-O Bd6 8. Nc3
O-O 9. Bd2 Bd7 10. a3 a6 11. Na4 e5 12. dxe5 Nxe5 13. Be2 b5 14. Nc3 Nxf3+ 15.
Bxf3 Be6 16. Ne2 Ne4 17. Bc3 Be7 18. Bd4 a5 19. Nc3 Nxc3 20. Bxc3 b4 21. axb4
axb4 22. Bd4 Rxa1 23. Qxa1 Qa8 24. Qd1 Rc8 25. Qd3 Qc6 26. h3 Qc4 27. Qd2 Bd6
28. Ra1 h6 29. Be2 Qc7 30. Ba6 Ra8 31. Rc1 Qd7 32. Bf1 Rc8 33. Bd3 Rxc1+ 34.
Qxc1 Bf5 35. Qc2 Bxd3 36. Qxd3 Qc7 37. Qd2 Qc4 38. g3 f6 39. Qd1 b3 40. Qg4 Kf7
41. Qd7+ Be7 42. h4 h5 43. Kg2 g6 44. Kf3 Kf8 45. Qe6 Bd8 46. Kg2 1-0

[Event "10eme Open International de La Fere"]
[Site "La Fere (FRA)"]
[Date "2011.07.03"]
[Round "2.7"]
[White "Marchyllie, Bruno"]
[Black "Forthofer, Robert"]
[Result "1-0"]
[WhiteElo "2143"]
[BlackElo "2274"]
[PlyCount "87"]
[EventDate "2011.??.??"]

1. e4 e6 2. d4 c5 3. c3 Nf6 4. Bd3 Nc6 5. Nf3 cxd4 6. cxd4 Qb6 7. O-O Nxd4 8.
Nc3 Nxf3+ 9. Qxf3 Bb4 10. Be3 Qa5 11. Nb5 a6 12. Qg3 Ke7 13. a3 axb5 14. axb4
Qxa1 15. Bc5+ Kd8 16. Rxa1 Rxa1+ 17. Bf1 Ne8 18. f3 Rd1 19. Qb8 d6 20. Bb6+ Kd7
21. Kf2 Rc1 22. Bxb5+ Ke7 23. e5 dxe5 24. Bc5+ Kd8 25. Qxe5 Rd1 26. Bxe8 Rxe8
27. Qxg7 Bd7 28. Qxh7 Rd2+ 29. Ke3 Rxg2 30. Qxf7 Kc8 31. h4 Rxb2 32. h5 Rb3+
33. Kf2 Bc6 34. f4 Kb8 35. h6 Rh3 36. Bd6+ Ka8 37. Qc7 Bb5 38. Qa5+ Ba6 39. b5
Rc8 40. bxa6 Rc2+ 41. Kg1 Rhh2 42. Qb6 Rhg2+ 43. Kf1 Rgf2+ 44. Qxf2 1-0

[Event "10eme Open International de La Fere"]
[Site "La Fere (FRA)"]
[Date "2011.07.03"]
[Round "2.8"]
[White "Schroeder, Jan-Christian"]
[Black "Loiret, Stanislas"]
[Result "1-0"]
[WhiteElo "2164"]
[BlackElo "2267"]
[PlyCount "75"]
[EventDate "2011.??.??"]

1. e4 e5 2. Nf3 Nc6 3. Bb5 a6 4. Ba4 Nf6 5. O-O b5 6. Bb3 Be7 7. Re1 O-O 8. d4
d6 9. c3 Bg4 10. d5 Na5 11. Bc2 c6 12. h3 Bd7 13. Nxe5 dxe5 14. d6 Nb7 15. dxe7
Qxe7 16. Be3 c5 17. b3 Bc6 18. Nd2 Nd8 19. Qe2 Ne6 20. a4 Qb7 21. axb5 axb5 22.
Bd3 Rfd8 23. Red1 Rxa1 24. Rxa1 h6 25. g3 Qd7 26. Bc2 Ng5 27. Bxg5 hxg5 28. Nf3
Qxh3 29. Nxe5 Be8 30. Qe3 g4 31. Rd1 Rxd1+ 32. Bxd1 Qh5 33. Qxc5 Qg5 34. Qd4
Qc1 35. Kg2 Nxe4 36. Qd8 Kh7 37. Bxg4 Qe1 38. Nd3 1-0

[Event "10eme Open International de La Fere"]
[Site "La Fere (FRA)"]
[Date "2011.07.03"]
[Round "2.9"]
[White "Vedovotto, Nicolas"]
[Black "Dumas, Victor"]
[Result "1-0"]
[WhiteElo "2068"]
[BlackElo "1929"]
[PlyCount "49"]
[EventDate "2011.??.??"]

1. Nc3 e5 2. Nf3 Nc6 3. d4 exd4 4. Nxd4 Nf6 5. Bg5 Bc5 6. e3 O-O 7. Be2 Re8 8.
O-O h6 9. Bxf6 Qxf6 10. Nd5 Qd8 11. Nb5 Bb6 12. a4 d6 13. b4 Be6 14. a5 Bxd5
15. axb6 Qg5 16. g3 cxb6 17. Nc7 Be4 18. c3 d5 19. Nxa8 Rxa8 20. Qd2 Rd8 21.
Rad1 Qf6 22. f3 Bf5 23. b5 Ne5 24. e4 Be6 25. f4 1-0

[Event "10eme Open International de La Fere"]
[Site "La Fere (FRA)"]
[Date "2011.07.03"]
[Round "2.10"]
[White "Pretceille, Jeremie"]
[Black "Bardoux, Thierry"]
[Result "1/2-1/2"]
[WhiteElo "1857"]
[BlackElo "2154"]
[PlyCount "84"]
[EventDate "2011.??.??"]

1. e4 c5 2. Nc3 Nc6 3. g3 g6 4. Bg2 Bg7 5. Nge2 e6 6. d3 Nge7 7. O-O O-O 8. Bf4
d6 9. Qd2 a6 10. Rab1 b5 11. Bh6 Qb6 12. Kh1 Bb7 13. Bxg7 Kxg7 14. f4 Nd4 15.
Nxd4 cxd4 16. Qf2 Rac8 17. Rbc1 f5 18. Rfe1 Qc5 19. Ne2 e5 20. a3 a5 21. c3
dxc3 22. Qxc5 Rxc5 23. Rxc3 Rfc8 24. Rec1 Rxc3 25. Rxc3 fxe4 26. Bxe4 Bxe4+ 27.
dxe4 Rxc3 28. Nxc3 b4 29. axb4 axb4 30. Nb5 Nc8 31. b3 Kf7 32. Nc7 Ne7 33. Kg2
Nc6 34. Nd5 Nd4 35. Nxb4 Nxb3 36. Nd3 Ke6 37. h3 Nd2 38. Nf2 h5 39. h4 d5 40.
exd5+ Kxd5 41. fxe5 Kxe5 42. Nd3+ Kf5 1/2-1/2

[Event "10eme Open International de La Fere"]
[Site "La Fere (FRA)"]
[Date "2011.07.03"]
[Round "2.11"]
[White "Jean, Robert"]
[Black "Feryn, Alexandre"]
[Result "0-1"]
[WhiteElo "1808"]
[BlackElo "2063"]
[PlyCount "186"]
[EventDate "2011.??.??"]

1. c4 Nf6 2. g3 g6 3. Bg2 Bg7 4. Nc3 O-O 5. e4 d6 6. Nge2 e5 7. O-O Be6 8. d3
c6 9. f4 Qd7 10. b3 Rd8 11. d4 Bg4 12. Be3 Qe7 13. h3 Bxe2 14. Nxe2 exd4 15.
Bxd4 Nbd7 16. Qc2 Nc5 17. Nc3 Ne6 18. Bf2 Nh5 19. Rad1 Qf6 20. Ne2 Qb2 21. Qxb2
Bxb2 22. Rd2 Ba3 23. Rfd1 Re8 24. Nd4 Nxd4 25. Rxd4 Nf6 26. Re1 Bb4 27. Re2 a5
28. Rd3 a4 29. Bf3 Re7 30. Kg2 axb3 31. axb3 Rae8 32. Bd4 Nd7 33. Ra2 f5 34.
exf5 gxf5 35. Bh5 Rf8 36. Re2 Rxe2+ 37. Bxe2 Nc5 38. Bxc5 Bxc5 39. Bh5 Kg7 40.
Rd2 Kf6 41. Re2 Ra8 42. g4 fxg4 43. hxg4 Ra3 44. Rb2 Bd4 45. Rd2 Bc5 46. Rb2
Bb4 47. Kf3 h6 48. Be8 Ra1 49. Rh2 Kg7 50. Re2 Rf1+ 51. Ke4 Kf6 52. f5 Bc3 53.
Kd3 Be5 54. Kc2 Rf3 55. Re4 Rc3+ 56. Kd2 Rxb3 57. Bd7 Rb4 58. Kd3 Rb3+ 59. Kd2
d5 60. cxd5 cxd5 61. Ra4 Bd6 62. Be6 Ke5 63. Ke2 b5 64. Ra6 Rb1 65. Bg8 Rb4 66.
Kf3 Rf4+ 67. Kg3 Ra4 68. Rb6 Ra3+ 69. Kg2 b4 70. f6 Ra8 71. f7 Rd8 72. Rb5 Bf8
73. Kf3 Kd4 74. Bh7 Bc5 75. Ke2 Rf8 76. Bg6 Bd6 77. Kd2 Ra8 78. Kc2 Ra2+ 79.
Kb3 Ra3+ 80. Kb2 Rf3 81. Bh5 Kc4 82. Rb6 Rf2+ 83. Kc1 Bc5 84. Rb8 b3 85. Bg6
Kc3 86. Kd1 Rf6 87. Rc8 Kd4 88. Rb8 Rxg6 89. f8=Q Bxf8 90. Rxf8 Rxg4 91. Rf3
Kc4 92. Rh3 Rg1+ 93. Ke2 b2 0-1

[Event "10eme Open International de La Fere"]
[Site "La Fere (FRA)"]
[Date "2011.07.03"]
[Round "2.12"]
[White "Thomas, Olivier"]
[Black "Touret, Alex"]
[Result "1-0"]
[WhiteElo "2035"]
[BlackElo "1843"]
[PlyCount "29"]
[EventDate "2011.??.??"]

1. e4 c6 2. d4 d5 3. e5 Bf5 4. Nf3 e6 5. Be2 Nd7 6. O-O h6 7. b3 c5 8. c4 cxd4
9. cxd5 exd5 10. Nxd4 Bxb1 11. Rxb1 Nxe5 12. Bb5+ Nd7 13. Re1+ Be7 14. Nf5 Kf8
15. Nxe7 1-0

[Event "10eme Open International de La Fere"]
[Site "La Fere (FRA)"]
[Date "2011.07.03"]
[Round "2.13"]
[White "Oprandi, William"]
[Black "Feryn, Benjamin"]
[Result "0-1"]
[WhiteElo "1779"]
[BlackElo "2032"]
[PlyCount "108"]
[EventDate "2011.??.??"]

1. d4 Nf6 2. c4 g6 3. Nc3 Bg7 4. Nf3 O-O 5. g3 d6 6. Bg2 Nbd7 7. O-O e5 8. e4
exd4 9. Nxd4 Nc5 10. h3 Re8 11. Re1 Nfd7 12. Be3 Ne5 13. b3 Ne6 14. f4 Nd7 15.
Rc1 a5 16. Na4 Nf6 17. Bf2 Bd7 18. e5 dxe5 19. fxe5 Nh5 20. Bxb7 Nxd4 21. Qxd4
Bxh3 22. Bxa8 Qxa8 23. Qd5 Qxd5 24. cxd5 Rxe5 25. Rxc7 Rxe1+ 26. Bxe1 Be5 27.
Bxa5 Bxc7 28. Bxc7 Nf6 29. d6 Kf8 30. b4 Nd5 31. b5 Ke8 32. b6 Bc8 33. Nc5 Nxc7
34. dxc7 Ke7 35. a4 Kd6 36. Nb3 Kc6 37. a5 Kb5 38. Kf2 Kb4 39. Nd2 Kxa5 40. Ne4
Kxb6 41. Nd6 Kxc7 42. Nxf7 Bf5 43. Ke3 Kd7 44. Kf4 Ke7 45. Nh6 Be6 46. Kg5 Bh3
47. Ng8+ Kf7 48. Nh6+ Kg7 49. Ng4 Bxg4 50. Kxg4 Kf6 51. Kf4 g5+ 52. Kg4 Kg6 53.
Kf3 Kh5 54. Ke4 Kg4 0-1

[Event "10eme Open International de La Fere"]
[Site "La Fere (FRA)"]
[Date "2011.07.03"]
[Round "2.15"]
[White "Menjour, Mohamed"]
[Black "Mataigne, Jean-Michel"]
[Result "0-1"]
[WhiteElo "1770"]
[BlackElo "2017"]
[PlyCount "152"]
[EventDate "2011.??.??"]

1. Nf3 g6 2. c4 Bg7 3. Nc3 d6 4. g3 e5 5. Bg2 Nc6 6. d3 Nf6 7. O-O O-O 8. a3 h6
9. e3 Be6 10. Nd2 d5 11. Qc2 Qd7 12. cxd5 Nxd5 13. Nde4 b6 14. Nxd5 Bxd5 15.
Nc3 Bxg2 16. Kxg2 Rad8 17. Rd1 a5 18. b3 f5 19. Bb2 f4 20. h3 Ne7 21. e4 fxg3
22. fxg3 Rf7 23. Rd2 Rdf8 24. Re1 h5 25. Nd1 Rf3 26. Re3 Rxe3 27. Nxe3 Rd8 28.
Nc4 Nc6 29. Rd1 b5 30. Ne3 Ne7 31. Qf2 Rf8 32. Qe2 Qe6 33. Qc2 c6 34. Bc3 Bh6
35. Nf1 Qf6 36. Qe2 Qe6 37. Rb1 Ra8 38. Qb2 Bg7 39. Nh2 c5 40. Nf3 Nc6 41. Rf1
b4 42. Bd2 Bf6 43. a4 Rd8 44. Qc2 Qd6 45. Qc4+ Kg7 46. Bg5 Rf8 47. Be3 Be7 48.
Bxc5 Qxc5 49. Qxc5 Bxc5 50. Rc1 Nd4 51. Nxe5 Nxb3 52. Rc4 Rf2+ 53. Kh1 Rf1+ 54.
Kg2 Rg1+ 55. Kh2 Rc1 56. Kg2 Rxc4 57. Nxc4 Nc1 58. Nxa5 Bb6 59. Nc4 b3 60. g4
h4 61. d4 Bxd4 62. a5 b2 63. Na3 Na2 64. a6 Nc3 65. Kf3 Kf6 66. e5+ Ke6 67. Kf4
b1=Q 68. Nxb1 Nxb1 69. Kg5 Na3 70. Kxg6 Nb5 71. Kh5 Bf2 72. g5 Kxe5 73. g6 Nc7
74. g7 Ne8 75. Kg6 Nxg7 76. Kxg7 Kf4 0-1

[Event "10eme Open International de La Fere"]
[Site "La Fere (FRA)"]
[Date "2011.07.03"]
[Round "2.16"]
[White "Koechler, Thomas"]
[Black "Van Wiele, Kurt"]
[Result "0-1"]
[WhiteElo "1989"]
[BlackElo "1806"]
[PlyCount "76"]
[EventDate "2011.??.??"]

1. e4 Nc6 2. d4 e5 3. d5 Nce7 4. b3 Ng6 5. Bb2 Bc5 6. Nd2 Nf6 7. h4 d6 8. h5
Nf4 9. g3 Ng4 10. gxf4 Nxf2 11. Qf3 Nxh1 12. Qxh1 Bxg1 13. Qxg1 Qh4+ 14. Qf2
Qxh5 15. Be2 Qh1+ 16. Bf1 Bg4 17. fxe5 O-O 18. exd6 cxd6 19. Bd4 f5 20. Qg2
Qh4+ 21. Qf2 Qe7 22. Be2 fxe4 23. Qg2 Bf3 24. Qg3 Rf5 25. Nc4 Raf8 26. Kd2 Rxd5
27. c3 Bxe2 28. Kxe2 Rg5 29. Qh3 Rf3 30. Qc8+ Kf7 31. Rf1 Kg6 32. Qh8 h6 33.
Nxd6 Rf8 34. Nc8 Rg2+ 35. Kd1 Qf7 36. Qxg7+ Qxg7 37. Bxg7 Kxg7 38. Nxa7 Ra8 0-1

[Event "10eme Open International de La Fere"]
[Site "La Fere (FRA)"]
[Date "2011.07.03"]
[Round "2.17"]
[White "Brobecker, Alain"]
[Black "Pingue, Renaud"]
[Result "0-1"]
[WhiteElo "1757"]
[BlackElo "1989"]
[PlyCount "79"]
[EventDate "2011.??.??"]

1. g3 e5 2. c4 d6 3. Bg2 f5 4. Nc3 Nf6 5. d3 Be7 6. e3 c6 7. Nge2 O-O 8. O-O
Qe8 9. b4 Qh5 10. f3 Be6 11. a3 Nbd7 12. Bd2 g5 13. b5 c5 14. f4 gxf4 15. gxf4
e4 16. Ng3 Qh4 17. Be1 Ng4 18. h3 Nxe3 19. Nxf5 Nxd1 20. Nxh4 Nxc3 21. Bxc3
Bxh4 22. Bxe4 Bf6 23. Bxf6 Nxf6 24. Bxb7 Bxh3 25. Rf3 Rab8 26. Bc6 Bd7 27. Bxd7
Nxd7 28. Re1 Rbe8 29. Rxe8 Rxe8 30. Kf2 Kf7 31. Rh3 Kg6 32. f5+ Kg7 33. a4 Re7
34. a5 Kf6 35. Rh6+ Ke5 36. b6 axb6 37. Re6+ Rxe6 38. fxe6 Kxe6 39. a6 b5 40.
cxb5 0-1

[Event "10eme Open International de La Fere"]
[Site "La Fere (FRA)"]
[Date "2011.07.03"]
[Round "2.18"]
[White "Waquet, Frederic"]
[Black "Galtier, Antoine"]
[Result "0-1"]
[WhiteElo "1967"]
[BlackElo "1757"]
[PlyCount "40"]
[EventDate "2011.??.??"]

1. e4 c5 2. b3 Nc6 3. Bb2 d6 4. Bb5 Bd7 5. Nf3 Nf6 6. Qe2 a6 7. Bxc6 Bxc6 8. e5
dxe5 9. Bxe5 e6 10. O-O Bd6 11. Bb2 b5 12. Re1 Nd5 13. Ne5 Nf4 14. Qg4 Bxe5 15.
Bxe5 Nxg2 16. Re2 Qd5 17. f3 Nh4 18. Qxh4 Qxf3 19. Nc3 Qh1+ 20. Kf2 Qg2+ 0-1